<?xml version="1.0" encoding="UTF-8"?>
<record
    xmlns:xsi="http://www.w3.org/2001/XMLSchema-instance"
    xsi:schemaLocation="http://www.loc.gov/MARC21/slim http://www.loc.gov/standards/marcxml/schema/MARC21slim.xsd"
    xmlns="http://www.loc.gov/MARC21/slim">

  <leader>01183nam a22002177a 4500</leader>
  <datafield tag="999" ind1=" " ind2=" ">
    <subfield code="c">22689</subfield>
    <subfield code="d">22689</subfield>
  </datafield>
  <controlfield tag="003">OSt</controlfield>
  <controlfield tag="005">20230808131131.0</controlfield>
  <controlfield tag="008">230808b           ||||| |||| 00| 0 eng d</controlfield>
  <datafield tag="020" ind1=" " ind2=" ">
    <subfield code="a">978-874-04990-6-3</subfield>
  </datafield>
  <datafield tag="040" ind1=" " ind2=" ">
    <subfield code="a">Municipalidad Provincial del Cusco</subfield>
    <subfield code="b">spa</subfield>
    <subfield code="c">Biblioteca Municipal del Cusco</subfield>
  </datafield>
  <datafield tag="082" ind1=" " ind2=" ">
    <subfield code="a">378.155 / E88C</subfield>
    <subfield code="b">E88C</subfield>
  </datafield>
  <datafield tag="100" ind1=" " ind2=" ">
    <subfield code="9">38300</subfield>
    <subfield code="a">Espinoza Herrera, Nemesio</subfield>
  </datafield>
  <datafield tag="245" ind1=" " ind2=" ">
    <subfield code="a">Ciencia y tecnolog&#xED;a - Ponencias - / </subfield>
    <subfield code="b">Presentadas en Brasil, Chile, Colombia, Costa Rica, Cuba, Grecia, Jap&#xF3;n, M&#xE9;xico, Italia, Per&#xFA; y Rep&#xFA;blica Popular China. / </subfield>
    <subfield code="c">Nemesio Espinoza Herrera</subfield>
  </datafield>
  <datafield tag="250" ind1=" " ind2=" ">
    <subfield code="a">Lima: </subfield>
    <subfield code="b">Saco.com Per&#xFA; S.A.C., 2019.</subfield>
  </datafield>
  <datafield tag="260" ind1=" " ind2=" ">
    <subfield code="a">Lima: </subfield>
    <subfield code="b">Aleph impresiones S.R.L.</subfield>
    <subfield code="c">Diciembre-2021</subfield>
  </datafield>
  <datafield tag="300" ind1=" " ind2=" ">
    <subfield code="a">188 p&#xE1;ginas ; </subfield>
    <subfield code="c">21 cm.</subfield>
  </datafield>
  <datafield tag="505" ind1=" " ind2=" ">
    <subfield code="a">Recomendaciones acerca de la Investigaci&#xF3;n Cient&#xED;fica y de la Epistemolog&#xED;a en la universidad -- Ciencia y tecnolog&#xED;a para el futuro sostenible del Per&#xFA; -- Cinco ant&#xED;tesis acerca de la Filosof&#xED;a -- La investigaci&#xF3;n cient&#xED;fica en la administraci&#xF3;n -- la diada Ciencia y Tecnolog&#xED;a como fundamento de la felicidad humana...</subfield>
  </datafield>
  <datafield tag="650" ind1=" " ind2="0">
    <subfield code="9">8461</subfield>
    <subfield code="a">Ciencia y tecnolog&#xED;a </subfield>
  </datafield>
  <datafield tag="942" ind1=" " ind2=" ">
    <subfield code="2">ddc</subfield>
    <subfield code="c">LIBROS</subfield>
  </datafield>
  <datafield tag="945" ind1=" " ind2=" ">
    <subfield code="a">vcp</subfield>
    <subfield code="d">2023-08-08</subfield>
  </datafield>
  <datafield tag="952" ind1=" " ind2=" ">
    <subfield code="0">0</subfield>
    <subfield code="1">0</subfield>
    <subfield code="2">ddc</subfield>
    <subfield code="4">0</subfield>
    <subfield code="7">0</subfield>
    <subfield code="a">SH</subfield>
    <subfield code="b">SH</subfield>
    <subfield code="c">CART</subfield>
    <subfield code="d">2023-01-26</subfield>
    <subfield code="o">378.155 / E88C</subfield>
    <subfield code="p">SH0000016527</subfield>
    <subfield code="r">2023-08-08</subfield>
    <subfield code="w">2023-08-08</subfield>
    <subfield code="y">LIBROS</subfield>
  </datafield>
  <datafield tag="952" ind1=" " ind2=" ">
    <subfield code="0">0</subfield>
    <subfield code="1">0</subfield>
    <subfield code="2">ddc</subfield>
    <subfield code="4">0</subfield>
    <subfield code="7">0</subfield>
    <subfield code="a">SH</subfield>
    <subfield code="b">SH</subfield>
    <subfield code="c">CART</subfield>
    <subfield code="d">2023-01-26</subfield>
    <subfield code="o">378.155 / E88C / e.2</subfield>
    <subfield code="p">SH0000016528</subfield>
    <subfield code="r">2023-08-08</subfield>
    <subfield code="t">e.2</subfield>
    <subfield code="w">2023-08-08</subfield>
    <subfield code="y">LIBROS</subfield>
  </datafield>
</record>
